|
|
|
|
| LEADER |
00000nam0a2200000 4500 |
| 001 |
228616 |
| 005 |
20231101230905.0 |
| 010 |
|
|
|a 9785883372406
|
| 035 |
|
|
|a (RuTPU)RU\TPU\book\249092
|
| 090 |
|
|
|a 228616
|
| 100 |
|
|
|a 20121220d2011 m y0rusy50 ca
|
| 101 |
0 |
|
|a rus
|
| 102 |
|
|
|a RU
|
| 105 |
|
|
|a y j 000zy
|
| 200 |
1 |
|
|a О нефти по-русски. Книга для студентов А2
|e пособие для иностранных учащихся по обучению языку специальности (нефтегазовый профиль)
|f Е. В. Ермакова, О. В. Константинова, А. А. Муравьева
|
| 210 |
|
|
|a Москва
|c Русский язык. Курсы
|d 2011
|
| 215 |
|
|
|a 119 с.
|e CD-ROM
|
| 330 |
|
|
|a Данное учебное пособие адресовано иностранным учащимся нефтегазового профиля, владеющим русским языком в объёме базового уровня. Целью предлагаемого пособия является изучение подъязыка специальности, формирование коммуникативной компетенции учащихся для общения в профессиональной сфере. В книге использованы тексты узкоспециального характера. К пособию прилагается аудиодиск.
|
| 606 |
1 |
|
|a Русский язык
|x Для других народов
|x Учебные руководства и пособия
|2 stltpush
|3 (RuTPU)RU\TPU\subj\26400
|9 50340
|
| 610 |
1 |
|
|a лексика
|
| 610 |
1 |
|
|a грамматика
|
| 610 |
1 |
|
|a разговорная речь
|
| 610 |
1 |
|
|a разговорные темы
|
| 610 |
1 |
|
|a нефтегазовое дело
|
| 610 |
1 |
|
|a нефть
|
| 610 |
1 |
|
|a газ
|
| 610 |
1 |
|
|a нефтепродукты
|
| 610 |
1 |
|
|a CD-ROM
|
| 686 |
|
|
|a Ш141.2-96
|v LBC/SL-A
|2 rubbk
|
| 700 |
|
1 |
|a Ермакова
|b Е. В.
|g Елена Владимировна
|
| 701 |
|
1 |
|a Константинова
|b О. В.
|g Ольга Валентиновна
|
| 701 |
|
1 |
|a Муравьева
|b А. А.
|g Алла Анатольевна
|
| 801 |
|
1 |
|a RU
|b 63413507
|c 20121220
|
| 801 |
|
2 |
|a RU
|b 63413507
|c 20170622
|g RCR
|
| 942 |
|
|
|c BK
|
| 959 |
|
|
|a 162/20121218
|d 10
|e 270,00
|